MDQL
is popping MORE tags! Check the
thread
!
Quizzes
Events
Quiz Creation
Community
Videos
Private Events
Remove Ads
Sign In
Join for FREE
Feedback
Dark Mode
Quiz Categories
Sports
Geography
Music
Movies
Television
Just For Fun
Miscellaneous
History
Literature
Language
Science
Gaming
Entertainment
Religion
Holiday
For Kids
Quiz Lab
Recent
Popular Today
Quiz Kudos Today
Editor Picks
Curator Picks
Quizzes by...
Day
Popularity
Type
Ratings
Length
Year
Community
Subscriptions
Recent Discussions
Orange Saloon
Badges
Playlists
Quests
Create
Leaderboards
Showdown
Live 5
Trivia Bingo
Activity
Puzzle Library
Sporcle Events
Private Events
Virtual Trivia
Globe League
Become a Host
Pub Owners
SporcleCon
Opinionation
Our Games
Videos
Blog
Mobile Apps
Partnerships
Remove Ads and Go Orange
Feedback
Sports
Athletes
MLB
NBA
NHL
NFL
Soccer
Sports Teams
WWE
NCAA
Football
Premier League
Basketball
Baseball
Hockey
Golf
Tennis
Cricket
Rugby
Auto Racing
Olympics
World Cup
Sports
Athletes
MLB
NBA
NHL
NFL
Soccer
Sports Teams
WWE
NCAA
Football
Premier League
Basketball
Baseball
Hockey
Golf
Tennis
Cricket
Rugby
Auto Racing
Olympics
World Cup
Random Quiz
Search Sporcle
×
Quiz Lab
Quiz Lab
Sports
MLB
Type in answers that appear in a list
Type in answers that appear in a list
Classic
Best Score? Go Orange.
First HR For Every MLB Team in 2017 Stats
Can you name the First HR For Every MLB Team in 2017?
By
ericrks2
7m
30 Questions
178 Plays
178 Plays
178 Plays
Comments
Comments
Give Quiz Kudos
Give Quiz Kudos
-
- Ratings
hide this ad
Replay
Link that replays current quiz
Next Quiz
Link to next quiz in quiz playlist
You Got
0%
They Got
Avg Score
57%
Avg Friend Score
Upgrade to see
Score Distribution
Jump to the score distribution portion of the page
Score
0/30
Timer
07:00
0
Plays Today
Team
Hitter
% Correct
Los Angeles Angels
Mike Trout
79.2%
Washington Nationals
Bryce Harper
74.7%
Houston Astros
George Springer
73.6%
Arizona Diamondbacks
A. J. Pollock
72.5%
Baltimore Orioles
Mark Trumbo
72.5%
Milwaukee Brewers
Ryan Braun
71.3%
Atlanta Braves
Matt Kemp
70.8%
Tampa Bay Rays
Evan Longoria
70.2%
Chicago Cubs
Willson Contreras
69.1%
Boston Red Sox
Andrew Benintendi
68.5%
Cleveland Indians
Jose Ramirez
68%
Minnesota Twins
Miguel Sano
66.9%
Kansas City Royals
Mike Moustakas
66.3%
Los Angeles Dodgers
Joc Pederson
64%
New York Mets
Jay Bruce
63.5%
Team
Hitter
% Correct
San Francisco Giants
Madison Bumgarner
62.9%
Miami Marlins
J. T. Realmuto
60.1%
Texas Rangers
Rougned Odor
60.1%
Detroit Tigers
JaCoby Jones
59%
St. Louis Cardinals
Randal Grichuk
55.1%
Colorado Rockies
Mark Reynolds
52.8%
Toronto Blue Jays
Kendrys Morales
46.6%
Seattle Mariners
Jean Segura
41.6%
New York Yankees
Ronald Torreyes
39.9%
Pittsburgh Pirates
David Freese
39.9%
Oakland Athletics
Stephen Vogt
39.3%
Philadelphia Phillies
Cesar Hernandez
39.3%
San Diego Padres
Ryan Schimpf
29.2%
Cincinnati Reds
Scooter Gennett
19.1%
Chicago White Sox
Geovany Soto
18%
Quiz Playlist
Details
Report
Send in Message
Add To Playlist
Classic:
Type in answers that appear in a list
Last Updated: Apr 10, 2017
Quiz Scoreboard
CHALLENGE
Sign Up to Join the Scoreboard
Show All
Scores
Hide
Comments
May contain spoilers
Recently Published
1-10 Letter E Words III
by El_Dandy
Language
2m
Street Fighter Characters
by Artimus82
Gaming
60s
College Basketball Coaching Resumes
by pancakes188
Sports
9m
More to Explore
Quiz From the Vault
Featured Blog Post
Where Did the Easter Bunny Come From?
hide this ad
You Might Also Like...
Tags
Baseball Quiz
MLB Quiz
Home Runs
MLB Player
Today's Top Quizzes in Sports
Browse Sports
hide this ad
Today's Top Quizzes in MLB
Browse MLB
Top Contributed Quizzes in Sports
1
2022 World Cup Stars
2
Les meilleurs buteurs des matchs entre le PSG et l’OM
3
FIFA Club World Cup Champions
4
Les entraîneurs de l'OM et du PSG au 21e siècle
5
Criteria MLB: Left Handed Sluggers
6
2023 MLB Unique Player Accomplishments
7
AFC Teams Reveal (Wrong Answers Minefield)
8
Players with Multiple 50 Home Run Seasons
9
5-to-1: FBS Animal Nicknames
10
5-to-1: UK Sports Teams
Explore More
Trending Topics
Harry Potter
Crossword
Marvel
Kpop
Disney
NBA
Anime
Soccer
Puzzle
The Office
Song
NFL
WWE
Country
Pokémon
hide this ad
More By:
ericrks2
Quiz
Plays
Rating
Category
Featured
Created
NHL Teams by Arena Picture
3,548
5.00
Sports
Aug 10, 2017
2022 NHL All-Star Rosters
1,205
5.00
Sports
Jan 18, 2022
2016 World Cup of Hockey Rosters
914
4.25
Sports
Apr 28, 2016
Boston Bruins Top 3 in G/A/Pts/PIM/+/- ('10-'19)
787
5.00
Sports
Mar 11, 2017
Chicago Blackhawks Top 3 in G/A/Pts/PIM/+/- ('10-'19)
693
5.00
Sports
Mar 12, 2017
Go to Creator's Profile
Score Distribution
Quiz Creator Spotlight
ericrks2
Follow
Send a Message
Quizzes Created
-
Created Quiz Play Count
-
More By This Creator
Popular Quizzes Today
1
Find the US States - No Outlines Minefield
2
Find the Countries of Europe - No Outlines Minefield
3
Find the US States
4
The Countries of the World
5
Risky Map Clicking: Biggest States A-Z
6
US States
7
Popular People in 1961
8
Movies - When Are They Set?
More Sports Quizzes
NFL MVP Reveal V
Quiz Lab
Trending Quizzes
Risky Map Clicking: Least Populous States A-Z
1-10 Letter G Words
Countries of the World: 200 Million BC
1-10 Letter F Words
Risky Map Clicking: Next State Alphabetically
Recently Updated
Rides in Walt Disney World
pecheneg
Most Oscar Losses (Acting)
pecheneg
Beyoncé Albums
pecheneg
Leaping Animals
pecheneg
Reality TV Shows (A-Z)
bhenderson79
Rickey Henderson's Hall of Fame Teammates
pecheneg
Champions League XIs: Arsenal
pecheneg
Quick Pick: Celebrities in WWE's Hall of Fame
aduchscher
A-Z Keypad Blitz II
pecheneg
Trending Topics
Harry Potter
Anime
Marvel
NBA
Kpop
Disney
Crossword
WWE
NFL
Song
The Office
Pokémon
Puzzle
Country
Soccer
Your Account Isn't Verified!
In order to create a playlist on Sporcle, you need to verify the email address you used during registration. Go to your
Sporcle Settings
to finish the process.
Report this User
Report this user for behavior that violates our
Community Guidelines
.
Details:
Send Report
Go to the Sporcle.com Mobile Site →
Comments